A model with the future in mind (Record no. 75553)

MARC details
000 -LEADER
fixed length control field 00814cab a2200181 4500
001 - CONTROL NUMBER
control field L130324
008 - FIXED-LENGTH DATA ELEMENTS--GENERAL INFORMATION
fixed length control field 050714n2005 000 0 eng u
035 ## - SYSTEM CONTROL NUMBER
System control number (Sirsi) u130324
041 ## - LANGUAGE CODE
Language code of text/sound track or separate title eng
100 ## - MAIN ENTRY--PERSONAL NAME
Personal name McIntosh, Angus
245 #2 - TITLE STATEMENT
Title A model with the future in mind
260 ## - PUBLICATION, DISTRIBUTION, ETC.
Date of publication, distribution, etc. 2005
490 ## - SERIES STATEMENT
Series statement Estates Gazette
Volume/sequential designation (0524) 18 June 2005, 82-84(3)
520 ## - SUMMARY, ETC.
Summary, etc. Considers the issue of sustainability and argues that every building has a cost in terms of the energy it uses, its economic effects and the cultural and social costs it imposes on cities and people. Proposes the use of the building sustainability assessment tool in order to help minimise the negative impact of any building. Tables. Graphs.
590 ## - LOCAL NOTE (RLIN)
Local note IKA190705
690 ## - LOCAL SUBJECT ADDED ENTRY--TOPICAL TERM (OCLC, RLIN)
Topical term or geographic name as entry element ENVIRONMENTAL AND LAND CONSULTANCY-SUSTAINABILITY
942 ## - ADDED ENTRY ELEMENTS (KOHA)
Suppress in OPAC 0
Holdings
Withdrawn status Lost status Source of classification or shelving scheme Damaged status Not for loan Home library Current library Shelving location Date acquired Total Checkouts Full call number Barcode Date last seen Copy number Price effective from Koha item type
    Dewey Decimal Classification     London London Journal article 14/07/2005   L130324 130324-1001 06/08/2019 1 06/08/2019 Journal article